Philologiae turcicae fundamenta, ed. J. Deny, K. Grönbech, H. Scheel, Zeki Velidi Togan. Tomus primus. Wiesbaden, Steiner, 1959 compte rendu /
Iussu et auctoritate Unionis Universae Studiosorum Rerum Orientalium auxilio et opera Unitarum Nationum Educationis Scientiae Culturae Ordinis una cum praestantibus turcologis ediderunt Jean Deny, Kaare Gronbech t, Helmuth Scheel, Zeki Velidi Togan. Tomus primus. Aquis Mattiacis apud Franciscum Stei...
Elmentve itt :
| Szerző: | |
|---|---|
| További közreműködők: | |
| Dokumentumtípus: | Cikk |
| Megjelent: |
Mouton ; Harrassowitz
The Hague ; Wiesbaden
1962
|
| Sorozat: | Central Asiatic journal : international periodical for the languages, literature, history and archaeology of Central Asia;Central Asiatic journal : international periodical for the languages, literature, history and archaeology of Central Asia
|
| Kulcsszavak: | Török nyelv - könyvismertetés |
| Tárgyszavak: | |
| Online Access: | http://misc.bibl.u-szeged.hu/65096 |
| LEADER | 01624nab a2200313 i 4500 | ||
|---|---|---|---|
| 001 | misc65096 | ||
| 005 | 20240904154241.0 | ||
| 008 | 240213s1962 hu o 000 ger d | ||
| 040 | |a SZTE Miscellanea Repozitórium |b hun | ||
| 041 | |a ger | ||
| 041 | |a fre | ||
| 041 | |a lat | ||
| 100 | 1 | |a Tryjarski Edward | |
| 245 | 1 | 0 | |a Philologiae turcicae fundamenta, ed. J. Deny, K. Grönbech, H. Scheel, Zeki Velidi Togan. Tomus primus. Wiesbaden, Steiner, 1959 |h [elektronikus dokumentum] : |b compte rendu / |c Tryjarski Edward |
| 260 | |a Mouton ; Harrassowitz |b The Hague ; Wiesbaden |c 1962 | ||
| 300 | |a 73-75 |c 24 cm | ||
| 300 | |a [3] p. |c 24 cm | ||
| 490 | 0 | |a Central Asiatic journal : international periodical for the languages, literature, history and archaeology of Central Asia;Central Asiatic journal : international periodical for the languages, literature, history and archaeology of Central Asia | |
| 520 | 3 | |a Iussu et auctoritate Unionis Universae Studiosorum Rerum Orientalium auxilio et opera Unitarum Nationum Educationis Scientiae Culturae Ordinis una cum praestantibus turcologis ediderunt Jean Deny, Kaare Gronbech t, Helmuth Scheel, Zeki Velidi Togan. Tomus primus. Aquis Mattiacis apud Franciscum Steiner A.D. MCMLIX. XXIII + 810 pp. | |
| 561 | |a Németh Gyula hagyaték | ||
| 591 | |a NOA 6168 | ||
| 650 | 4 | |a Bölcsészettudományok | |
| 650 | 4 | |a Nyelvek és irodalom | |
| 695 | |a Török nyelv - könyvismertetés | ||
| 700 | 0 | 1 | |a Deny Jean |
| 700 | 0 | 1 | |a Grønbech Kaare |
| 700 | 0 | 1 | |a Scheel Helmuth |
| 700 | 0 | 1 | |a Togan Zeki Velidi |
| 856 | 4 | 0 | |u http://misc.bibl.u-szeged.hu/65096/1/6168_noa.pdf |z Dokumentum-elérés |